[Event "Andalucia-chB"]
[Site "Roquetas de Mar"]
[Date "2017.05.21"]
[Round "5"]
[White "Lopez Soler, Jose"]
[Black "Rodriguez Fenoy, Inmaculada"]
[Result "0-1"]
[WhiteElo "1156"]
[BlackElo "1590"]
[PlyCount "105"]
[EventDate "2017.05.19"]
[EventType "swiss"]
[EventRounds "6"]
[EventCountry "ESP"]
[SourceTitle "EXT 2020"]
[Source "ChessBase"]
[SourceDate "2019.10.17"]
[SourceVersion "1"]
[SourceVersionDate "2019.10.17"]
[SourceQuality "1"]

1. d4 d5 2. Nc3 c6 3. Nf3 Nf6 4. Bf4 Nbd7 5. e3 e6 6. a3 Ne4 7. Bd3 Ndf6 8. 0-0 Be7 9. Ng5 Nxg5 10. Bxg5 h6 11. Bf4 0-0 12. Be5 Ne8 13. Qg4 Bg5 14. Ne2 f6 15. Bg3 e5 16. Bf5 h5 17. Be6+ Bxe6 18. Qxe6+ Kh8 19. dxe5 fxe5 20. Qg6 e4 21. Qxh5+ Kg8 22. Bf4 Nf6 23. Qh3 Nd7 24. Qe6+ Kh8 25. Bxg5 Qxg5 26. Qxd7 Rf6 27. Ng3 Raf8 28. Qh3+ Rh6 29. Nh5 Rxh5 30. Qg3 Qh6 31. h3 Rf6 32. Kh1 Rf3 33. gxf3 Rxh3+ 34. Kg2 Rxg3+ 35. fxg3 Qxe3 36. fxe4 Qxe4+ 37. Kf2 Qxc2+ 38. Kf3 d4 39. Rh1+ Kg8 40. Rae1 Qd3+ 41. Kg4 c5 42. Re8+ Kf7 43. Rhe1 Qg6+ 44. Kh3 Qh6+ 45. Kg2 Qd2+ 46. Kh3 Qxb2 47. R8e7+ Kg6 48. R1e6+ Kh7 49. Kg4 d3 50. Kg5 Qc1+ 51. Re3 d2 52. Rd7 d1Q 53. Rxd1 0-1

[Event "Andalucia-chB"]
[Site "Roquetas de Mar"]
[Date "2017.05.20"]
[Round "2"]
[White "Cabillas Martinez, Juan Luis"]
[Black "Lopez Soler, Jose"]
[Result "1-0"]
[WhiteElo "1562"]
[BlackElo "1156"]
[PlyCount "137"]
[EventDate "2017.05.19"]
[EventType "swiss"]
[EventRounds "6"]
[EventCountry "ESP"]
[SourceTitle "EXT 2020"]
[Source "ChessBase"]
[SourceDate "2019.10.17"]
[SourceVersion "1"]
[SourceVersionDate "2019.10.17"]
[SourceQuality "1"]

1. d4 Nf6 2. c4 e6 3. Nc3 c5 4. d5 exd5 5. cxd5 d6 6. e4 g6 7. Nf3 Bg7 8. Be2 0-0 9. 0-0 Re8 10. Qc2 Bg4 11. Bg5 Nbd7 12. Rfe1 Qc7 13. Rac1 Bxf3 14. Bxf3 Ne5 15. Be2 a6 16. a4 h6 17. Bh4 Qe7 18. f4 Ned7 19. Bf3 g5 20. fxg5 hxg5 21. Bxg5 Qe5 22. Qd2 Qd4+ 23. Qxd4 cxd4 24. Na2 Ne5 25. Rcd1 Nxf3+ 26. gxf3 Nh5 27. Nb4 Be5 28. Nd3 Kh7 29. f4 Bf6 30. Bxf6 Nxf6 31. Nf2 Rg8+ 32. Kh1 Ng4 33. Re2 Rae8 34. Rxd4 f5 35. Nxg4 Rxg4 36. e5 Reg8 37. Rd1 Rxf4 38. e6 Re8 39. Rg2 Rg4 40. Rxg4 fxg4 41. Rg1 Kg6 42. Rxg4+ Kf5 43. Rg2 Ke5 44. Rd2 Kf6 45. Kg2 Ke7 46. Rf2 Rg8+ 47. Kf3 Rg5 48. Rd2 Rf5+ 49. Ke4 Rh5 50. a5 Rh4+ 51. Kf5 Rh5+ 52. Kg4 Re5 53. Kf4 Kf6 54. Kf3 Rf5+ 55. Ke4 Re5+ 56. Kd4 Rh5 57. Rf2+ Ke7 58. Rf7+ Ke8 59. Rxb7 Rxh2 60. Rb6 Rd2+ 61. Kc4 Rc2+ 62. Kd3 Rc5 63. Rxd6 Ke7 64. Rd7+ Ke8 65. Kd4 Rxa5 66. Ra7 Ra4+ 67. Ke5 Ra2 68. Kf6 Rxb2 69. Ra8+ 1-0

[Event "Andalucia-chB"]
[Site "Roquetas de Mar"]
[Date "2017.05.20"]
[Round "3"]
[White "Lopez Soler, Jose"]
[Black "Amate Sanchez, Alberto Javier"]
[Result "1-0"]
[WhiteElo "1156"]
[BlackElo "1477"]
[PlyCount "105"]
[EventDate "2017.05.19"]
[EventType "swiss"]
[EventRounds "6"]
[EventCountry "ESP"]
[SourceTitle "EXT 2020"]
[Source "ChessBase"]
[SourceDate "2019.10.17"]
[SourceVersion "1"]
[SourceVersionDate "2019.10.17"]
[SourceQuality "1"]

1. e4 e6 2. Nc3 d5 3. exd5 exd5 4. d4 Bb4 5. Nf3 Nf6 6. Bb5+ c6 7. Bd3 0-0 8. 0-0 Bg4 9. a3 Ba5 10. b4 Bb6 11. Bf4 Bxf3 12. Qxf3 Bxd4 13. Bd2 Nbd7 14. Rad1 Qc7 15. Ne2 Be5 16. Bf4 Bxf4 17. Nxf4 Ne5 18. Qg3 Nxd3 19. cxd3 Rfe8 20. Qf3 Qb6 21. Nh5 Nxh5 22. Qxh5 Qa6 23. Qg4 Qxa3 24. Qd4 Qa6 25. Ra1 Qb6 26. Qc3 Rac8 27. d4 a6 28. g3 Re4 29. Rfd1 Rce8 30. Re1 g6 31. Rxe4 Rxe4 32. b5 axb5 33. Ra8+ Kg7 34. Qb4 Qxd4 35. Qf8+ Kf6 36. Qh8+ Kg5 37. Qxh7 Re2 38. Qxf7 Qf6 39. h4+ Kf5 40. g4+ Ke4 41. Qxf6 Kd3 42. Qxg6+ Kc4 43. Qb1 d4 44. Ra3 b4 45. Qd3+ Kc5 46. Ra5+ Kb6 47. Ra1 Re8 48. Qxd4+ Kc7 49. Qxb4 Re5 50. Ra7 Rb5 51. Qe7+ Kb8 52. Ra1 c5 53. Qd8# 1-0